01153aab a2200217 4500001001000000003001000010005001700020008004100037022001400078040004100092041000800133100003500141245005800176300005700234520048200291653003100773773009400804942000800898945001200906999001700918768714001CO-MdFUSB20250226120519.0170512s1994 cr ||||| |||| 00| 0 spa d a1409-1968 aCO-MdFUSBbspacCO-MdFUSBdCO-MdFUSB aspa1 aSolzhenitsyn, Alexandereautor10aHaciendo amigos de enemigosc/ Alexander Solzhenitsyn aVolumen 11. Número 5 (1994), página 44c: 27 cm. aQué significa realmente amar a nuestros enemigos? ¿Es darles la otra mejilla? ¿Es perdonar? ¿Quién es mi enemigo? Es cualquier persona o grupo que siento como una amenaza y frente a los cuales trato de defenderme. El otro la-do de la enemistad es este: ¡Yo soy el enemigo de mi enemigo! La única solución es el amor, caracterizado por la acción y responsabilidad -haciendo lo que está a mi alcance para propiciar el bienestar de otro, ya sea que me gusten o no. aRelaciones interpersonales0 tApuntes Pastorales049442960181gVolumen 11. Número 5 (1994), Página 44qPágina 44 cANA aJTF-925 c53123d53123